00734nam a22002171 4500001000700000003000900007005001700016008004100033080002200074100002000096245004400116250001200160260005500172300005500227490006000282500003800342600002000380700001900400830005700419852004000476177287ES-MaACL20250815121257.0110314s1973 sp af ||||0| spa d a74 Opisso, Ricard1 aOpisso, Ricard.10aDibujos de Opisso / cpor Jaime Sunyer. a2ª ed. aMadrid : bIbérico Europea de Ediciones, c1973. a[24] p. : bprincipalmente il. bl. y n. ; c31 cm.1 aMaestros contemporáneos del dibujo y la pintura ; v1 aEncuadernado con otros títulos.14aOpisso, Ricard.1 aSunyer, Jaime.00aMaestros contemporáneos del dibujo y la pinturav1 aES-MaACLjE-14686 (1) xOlim P-1071